000 00394cam a2200157ua 4500
001 6531
008 120725n1994 II |||gr||||Z||||||eng
040 _aMAIN
041 _aEnglish
082 _a543.085 8 BAN
100 _aBANWELL, C. N.
245 _aFUNDAMENTALS OF MOLECULAR SPECTROSCOPY
260 _aNEW DELHI
_bTATA MCGREW HILL PUBLISHING CO.
_c1994
300 _a338:
_c22CM.
942 _cBK
999 _c6516
_d6516